000
00314nam a2200133Ia 4500
100
_a
DGET
942
_c
BK
654
_a
Electrician 1st year trade Theory
245
_a
Electrician 1st year trade Theory
260
_b
Wiley Eastern Pvt. Ltd.
_a
NewDelhi
_c
1993
300
_a
662
546
_a
ENGLISH
999
_c
34627
_d
34627